How to advertise

保存先:
書誌詳細
第一著者: Roman, Kenneth
その他の著者: Maas, Jane
フォーマット: 図書
言語:英語
出版事項: 1976 St. Martin's Press
タグ: タグ追加
タグなし, このレコードへの初めてのタグを付けませんか!

MARC

LEADER 00000nam a2200000 4500
005 20240918193042.0
008 240724b |||||||| |||| 00| 0 eng d
020 |a 978-0312395858 
040 |c GP 
100 |a Roman, Kenneth 
245 |a How to advertise 
260 |a 1976  |b St. Martin's Press 
700 |a Maas, Jane 
942 |2 ddc  |c BK  |n 0 
952 |0 0  |1 0  |2 ddc  |4 0  |6 810_000000000000000_ROM  |7 1  |9 1712  |a RM  |b RM  |d 2024-07-24  |l 0  |o 810 ROM  |p 473  |r 2024-07-24 17:23:55  |w 2024-07-24  |y BK 
999 |c 1525  |d 1525